000 00887cab a22001815a 4500
001 L153831
008 110912s2011 xxka f 000 0 eng d
035 _a(Sirsi) u153831
041 0 _aeng
100 _aWarburton, Peter
245 0 0 _aRisk insurance for specific construction programmes
260 _c2011
490 _aCivil Engineering Surveyor
_vSeptember 2011, 44(1)
520 _aThe more partners and contractors involved in a project whatever its size, the more complicated insuring the scheme can become. Looks at covering risk, bespoke construction cover, safe proofing through insurance, covering specialist schemes, cover for more complex builds, tailored cover in practice.
651 4 _aUnited Kingdom
_y
690 _aMANAGEMENT-DISPUTE AVOIDANCE, MANAGEMENT AND RESOLUTION-DISPUTE MANAGEMENT AND RESOLUTION-ALTERNATIVE DISPUTE RESOLUTION-ADJUDICATION
942 _n0
999 _c83394
_d83394